Il contratto di edizione dell’ebook

Bibliographic Details
Main Author: Marseglia, Rachele
Format: eBook
Language:Italian
Published: Bari : Cacucci Editore, 2012
Subjects:
Online Access:http://www.vlex.com/source/7362

MARC

LEADER 00000nam a22000007a 4500
005 20130308090432.0
007 cr|||| ||||
008 130308e2012 it |||||s|||| 00||0 ita d
020 |a 9788866112099 
035 |a 7362 
040 |a vLex 
090 |c 3859  |d 3859 
100 1 0 |a Marseglia, Rachele  
245 1 3 |a Il contratto di edizione dell’ebook  |c / Rachele Marseglia   |h [Recurso electrn̤ico]  
256 |a Servicio en ln̕ea 
260 |a Bari :   |b Cacucci Editore,   |c 2012 
300 |a 1 Recurso electrn̤ico 
506 |d vLex Global  |d vLex Global (Academic Edition, excluding Law Schools)  |d vLex Global (U.S. Academic Edition, Law Schools)  |d vLex Global (U.S. Academic Edition, excluding Law Schools)  |d vLex Global (Academic Edition, Law Schools) 
650 0 4 |a Derechos de autor  |z Italia 
650 0 4 |a Propiedad intelectual  |z Italia 
740 |a vLex Libros (Servicio en ln̕ea) 
856 |a Acceso restringido  |u http://www.vlex.com/source/7362 
942 |c BOOK 
999 0 |a Copyright